Start here with 1-2-3 for Macintosh

Bibliographic Details
Main Author: Gasteiger, Daniel
Format: Book
Published: New York : Lotus Books , 1992
Subjects:

MARC

LEADER 00000cam a2200000 7i4500
001 0000003504
005 20050419.0
020 |a 0138340528 
040 |a INS 
090 0 0 |a HF5548.4.   |b G24 1992 
100 1 |a Gasteiger, Daniel 
245 1 0 |a Start here with 1-2-3 for Macintosh   |c Daniel and Stacy Gasteiger 
260 |a New York :   |b Lotus Books ,   |c 1992 
300 |a xvii, 428p. ;   |c 23 cm. 
650 0 0 |a Lotus 1-2-3(Computer program) 
650 0 0 |a Macintosh(Computer programming) 
999 |a 0000005105   |b BOOK   |c Open Shelf   |e Default branch